<?xml version="1.0" encoding="UTF-8"?>
<record
    xmlns:xsi="http://www.w3.org/2001/XMLSchema-instance"
    xsi:schemaLocation="http://www.loc.gov/MARC21/slim http://www.loc.gov/standards/marcxml/schema/MARC21slim.xsd"
    xmlns="http://www.loc.gov/MARC21/slim">

  <leader>01429nam a2200181Ia 4500</leader>
  <controlfield tag="005">20260302161543.0</controlfield>
  <controlfield tag="008">260302s9999    xx          000 0 und d</controlfield>
  <datafield tag="020" ind1=" " ind2=" ">
    <subfield code="a">9780521459044</subfield>
  </datafield>
  <datafield tag="082" ind1=" " ind2=" ">
    <subfield code="a">338.9</subfield>
    <subfield code="b">KOT</subfield>
  </datafield>
  <datafield tag="100" ind1=" " ind2=" ">
    <subfield code="a">Kotz, David M.</subfield>
  </datafield>
  <datafield tag="245" ind1=" " ind2="0">
    <subfield code="a">Social Structures of Accumulation / </subfield>
    <subfield code="c">Kotz, David M.; McDonough, Terrence; Reich, Michael</subfield>
  </datafield>
  <datafield tag="260" ind1=" " ind2=" ">
    <subfield code="b">Cambridge University Press, </subfield>
    <subfield code="c">1994</subfield>
  </datafield>
  <datafield tag="300" ind1=" " ind2=" ">
    <subfield code="a">340 pages</subfield>
  </datafield>
  <datafield tag="520" ind1=" " ind2=" ">
    <subfield code="a">The social structure of accumulation (SSA) approach seeks to explain the long-term fortunes of capitalist economies in terms of the effect of political and economic institutions on growth rates. This book offers an ideal introduction to this powerful tool for understanding capitalist growth, analysing the social and economic differences between countries and the reasons for the successes and failures of institutional reform. The contributors cover a wide range of topics, including the theoretical basis of the SSA approach, the postwar financial system, Marxian and Keynesian theories of economic crisis, labour-management relations, race and gender issues, and the history of institutional innovation. Combining newly written essays with classic articles of the SSA school, the book examines the international economy and the economies of Japan, South Africa, and Puerto Rico, as well as the United States.</subfield>
  </datafield>
  <datafield tag="650" ind1=" " ind2=" ">
    <subfield code="a">Business &amp; Economics</subfield>
  </datafield>
  <datafield tag="700" ind1=" " ind2=" ">
    <subfield code="a">Reich, Michael</subfield>
  </datafield>
  <datafield tag="942" ind1=" " ind2=" ">
    <subfield code="c">ENGLISH</subfield>
  </datafield>
  <datafield tag="999" ind1=" " ind2=" ">
    <subfield code="c">616683</subfield>
    <subfield code="d">616683</subfield>
  </datafield>
  <datafield tag="952" ind1=" " ind2=" ">
    <subfield code="0">0</subfield>
    <subfield code="1">0</subfield>
    <subfield code="4">0</subfield>
    <subfield code="7">0</subfield>
    <subfield code="a">ACL</subfield>
    <subfield code="b">ACL</subfield>
    <subfield code="c">4A</subfield>
    <subfield code="d">2026-03-02</subfield>
    <subfield code="l">0</subfield>
    <subfield code="o">338.9 KOT</subfield>
    <subfield code="p">192611</subfield>
    <subfield code="r">2026-03-02 16:15:43</subfield>
    <subfield code="w">2026-03-02</subfield>
    <subfield code="y">ENGLISH</subfield>
  </datafield>
</record>
